00253nam a22000977a 450000500170000000800410001702200140005824500440007226000250011649000140014120170829155021.0170829b xxu||||| |||| 00| 0 eng d a0972-5938 aIndian Journal of Traditional Knowledge aDelhibNISCAIRc2017 aVolume 16